Zdokonalování provozních režimů ve velkoprodejnách

Gespeichert in:
Bibliographische Detailangaben
1. Verfasser: Janula, Ladislav
Format: Buch
Sprache:Tschechisch
Veröffentlicht: Praha Výzkumný ústav obchodu 1976
Tags: Tag hinzufügen
Keine Tags, Fügen Sie das erste Tag hinzu!

MARC

LEADER 00000nam a2200000 4500
001 c120413
005 20041019155216.9
041 0 |a cze 
044 |a CZ 
245 1 0 |a Zdokonalování provozních režimů ve velkoprodejnách  |c Ladislav Janula 
264 1 |a Praha  |b Výzkumný ústav obchodu  |c 1976 
300 |a 50 s. 
100 1 |a Janula, Ladislav